书目信息 |
| 题名: |
饲料的调制及其利用
|
|
| 作者: | 方国璽編 著 | |
| 分册: | ||
| 出版信息: | 北京 科学技术文献出版社 1956.07 |
|
| 页数: | 34页 | |
| 开本: | 19cm | |
| 丛书名: | ||
| 单 册: | ||
| 中图分类: | S816.8 | |
| 科图分类: | ||
| 主题词: | 畜牧学 | |
| 电子资源: | ||
| ISBN: | ||
| 000 | 00596nam0 2200205 450 | |
| 001 | 0834314316 | |
| 005 | 20081009093451.83 | |
| 010 | @dCNY0.17 | |
| 091 | @a16119.1 | |
| 100 | @a20081009d1956 km y0chiy0120 ea | |
| 101 | 0 | @achi |
| 102 | @aCN@b110000 | |
| 200 | 1 | @a饲料的调制及其利用@Asi liao de diao zhi ji qi li yong@f方国璽編著@Ffang guo xi bian zhu |
| 210 | @a北京@c科学技术文献出版社@d1956.07 | |
| 215 | @a34页@d19cm | |
| 606 | 0 | @a畜牧学 |
| 690 | @aS816.8@v4 | |
| 701 | 0 | @a方国璽編@Afang guo xi bian@4著 |
| 801 | 0 | @aCN@b大连网信软件有限公司图书馆·11@c20081009 |
| 905 | @aBZT@dS816.8@e1 | |
| 饲料的调制及其利用/方国璽編著.-北京:科学技术文献出版社,1956.07 |
| 34页;19cm |
| ISBN :CNY0.17 |
| ● |
| 相关链接 |
|
|
|
正题名:饲料的调制及其利用
索取号:S816.8/1
 
预约/预借
| 序号 | 登录号 | 条形码 | 馆藏地/架位号 | 状态 | 备注 |
| 1 | 028372 | 201250378 | 中心书库中库/ 中库031架B面6列6层30/ [索取号:S816.8/1] | 在馆 |